Religion Quiz

Random Religion Quiz
Score 0/7 Timer 01:00
0 Plays Today
Chakra % Correct
4. Anāhata (अनाहत) — Heart Chakra
86.5%
1. Mūlādhāra (मूलाधार) — Root (or Base) Chakra
83.3%
6. Ājňā (आज्ञा) — Third Eye (Brow) Chakra
80.9%
3. Maṇipūra (मणिपूर) — Solar Plexus Chakra
76.1%
5. Viśuddha (विशुद्ध) — Throat Chakra
71.7%
7. Sahasrāra (सहस्रार) — Crown Chakra
65.7%
2. Svādhiṣṭhāna (स्वाधिष्ठान) — Sacral Chakra
59.8%
Remove Ads.
Support Sporcle.
Get the best of Sporcle when you Go Orange. This ad-free experience offers more features, more stats, and more fun while also helping to support Sporcle. Thank you for becoming a member.

You're not logged in!

Compare scores with friends on all Sporcle quizzes.
OR
Log In

Show Comments

Extras

Created Dec 11, 2012SourceReportNominate
Tags:chakra, hindu, sanskrit, Yoga

Top Quizzes Today


Score Distribution

Your Account Isn't Verified!

In order to create a playlist on Sporcle, you need to verify the email address you used during registration. Go to your Sporcle Settings to finish the process.

Report this User

Report this user for behavior that violates our Community Guidelines.

Details: